000 01621 a2200265 4500
001 59023
005 20260407155845.0
008 260407a1975 arg spa d
003 AR-UNSa-BCEJYS
040 _aAR-UNSa-BCEJYS
_bspa
_cAR-UNSa-BCEJYS
080 _a330.342.22
_xEconomía en desarrollo. Economía en industrialización
245 1 0 _aProblemas argentinos y sus soluciones
264 1 _aBuenos Aires :
_bPleamar
_c1975
300 _a339 p.
_c20 cm.
505 _a1. Hacia el desarrollo de nuestra Marina Mercante de Ultramar, por el contraalmirante (RE) Enrique L. Carranza - 2. La industria siderúrgica en la Argentina, por el Teniente General (RE) Pedro F. Castiñeiras - 3. La cuestión agraria, por Federico A. M. Dozo - 4. La situación energética en la República Argentina, por el Profesor Servando R. M. Dozo - 5. Dependencia regional y planificación, por Rolando I. Gioja - 6. Nuestros recursos humanos, por el Teniente General (RE) Benjamín Rattenbach - 7. Juventud y madurez en la época actual, por el Teniente General (RE) Benjamín Rattenbach - 8. Nuestra planificación estatal, por el Teniente General (RE) Benjamín Rattenbach - 9. Los ferrocarriles argentinos en el desarrrollo nacional y la integración territorial, por el Licenciado Juan Alberto Roccatagliata.
942 _cBK
590 _aniveau_biblio:m niveau_hierar:0
100 1 _aCarranza, Enrique L.
700 1 _aCastiñeiras, Pedro P.
700 1 _aDaus, Federico A.
700 1 _aDozo, Servando Ramón Manuel
700 1 _aGioja, Rolando I.
700 1 _aRattenbach, Benjamin
700 1 _aRoccatagliata, Juan A.
999 _c6576
_d6576